| 000 | 00373nam a22001217a 4500 | ||
|---|---|---|---|
| 082 | _aTHE 200 | ||
| 100 |
_aSOHAIL KHAN, _972864 |
||
| 245 | _aTH-SOF-0611-NONLINEAR ADAPTIVE FLIGHT CONTROL SYSTEM FOR UNMANNED AERIAL VEHICLE | ||
| 260 |
_aNUST COLLEGE OF EME _bISLAMABAD _c2018 |
||
| 650 |
_a MS-ELECT-55 MSTHESIS _972849 |
||
| 700 |
_a DR KHALID MUNAWAR _972853 |
||
| 942 | _cCF | ||
| 999 |
_c578837 _d578837 |
||